| 000 | 00670nam a2200205 u 4500 | ||
|---|---|---|---|
| 005 | 20240522063646.0 | ||
| 008 | 090209s2002 cl r 000 0 spa d | ||
| 020 | _a9583009415 | ||
| 035 | _aUPN01000168974 | ||
| 049 | _aI | ||
| 050 | 4 |
_aHQ789 _bN5.5 |
|
| 100 | 1 |
_aNiño, Jairo Aníbal, _d1941- _932016 |
|
| 245 | 1 | 3 |
_aLa noche de los colibríes : _bel libro de los derechos de las niñas y de los niños / _cJairo Aníbal Niño ; il. Javier Fernando Porras. |
| 260 |
_aBogotá : _bPanamericana, _c2002. |
||
| 300 |
_a95 p. : _bil. col. |
||
| 440 | 0 | _aJuvenil | |
| 650 | 4 |
_aDerechos de los niños _94862 |
|
| 650 | 7 |
_aCuentos colombianos _2 _96585 |
|
| 905 | _aInfantil | ||
| 999 |
_c141080 _d141080 |
||